Praktisches Lehrbuch Personalwirtschaft

Guardado en:
Detalles Bibliográficos
Formato: Libro
Lenguaje:alemán
Publicado: Wien : Verl.Moderne Industrie, 1991
Edición:2.völlig überarbeitete und erweiterte Aufl.
Materias:
Etiquetas: Agregar Etiqueta
Sin Etiquetas, Sea el primero en etiquetar este registro!

MARC

LEADER 00000nam a22000003a 4500
001 stu41058
005 20150408180601.2
008 930624s1991----au------------------ger-d
020 |a 3-478-39372-8 
040 |a STU  |b slo 
041 0 |a ger 
044 |a au 
080 |a 658.3 
245 |a Praktisches Lehrbuch Personalwirtschaft 
250 |a 2.völlig überarbeitete und erweiterte Aufl. 
260 |a Wien :  |b Verl.Moderne Industrie,  |c 1991 
300 |a 517 s 
650 7 |a personalistika  |2 stusub 
996 |b M 26853  |c M*8303-1  |l MMKN  |s A  |a 24  |w stu41058_0001